[Event "Autunno Scacchistico Magistrale"]
[Site "Venezia ITA"]
[Date "2006.11.04"]
[Round "3"]
[White "Blagojevic, Dragisa"]
[Black "Xia, Jie"]
[Result "1-0"]
[WhiteElo "2534"]
[BlackElo "2153"]
[PlyCount "173"]
[EventDate "2006.11.03"]

1. d4 Nf6 2. c4 g6 3. Nf3 Bg7 4. g3 O-O 5. Bg2 d6 6. O-O c6 7. Nc3 a6 8. d5 c5
9. a4 a5 10. h3 Na6 11. e4 Ne8 12. Be3 h6 13. Qd2 Kh7 14. Nh2 e5 15. g4 g5 16.
Rfe1 Rh8 17. Ne2 Nf6 18. Ng3 Ng8 19. h4 f6 20. Nf5 Ne7 21. hxg5 hxg5 22. Nxe7
Qxe7 23. Qxa5 Bd7 24. Qc3 Kg6 25. f3 Bf8 26. Nf1 Qh7 27. Ng3 Be7 28. Kf2 Nb4
29. Rh1 Qf7 30. b3 Rag8 31. Rag1 Bd8 32. Bf1 Qf8 33. Be2 Rxh1 34. Rxh1 Rh8 35.
Qc1 Rxh1 36. Qxh1 Qh6 37. Qxh6+ Kxh6 38. Bd1 Kg6 39. Ke2 Ba5 40. Nh1 Kf7 41.
Nf2 Ke8 42. Kf1 Kf7 43. Be2 Nc2 44. Bc1 Nb4 45. Bd3 Na2 46. Be3 Nb4 47. Ke2 Ke7
48. Kd1 Na6 49. Be2 Nb4 50. Kc1 Kd8 51. Kb2 Ke7 52. Bd2 Nd3+ 53. Nxd3 Bxd2 54.
b4 cxb4 55. Kb3 b6 56. Nxb4 Kd8 57. Nc2 Kc7 58. c5 dxc5 59. Bb5 Bxb5 60. axb5
Bc1 61. Ne1 Be3 62. Nc2 Bc1 63. Ka2 c4 64. Kb1 Bd2 65. Na3 Be3 66. Nxc4 Bf2 67.
Kc2 Kd7 68. Kd3 Bd4 69. Nd2 Bf2 70. Ke2 Bd4 71. Nf1 Kd6 72. Ng3 Kc5 73. Nh5
Kxb5 74. Kd3 Bb2 75. Nxf6 Bc1 76. Nd7 Bf4 77. Kc3 Bg3 78. Kb3 Bf4 79. Nf8 Be3
80. d6 Kc6 81. d7 Kc7 82. Kc4 Kd8 83. Kd5 Kc7 84. Ke6 Bc5 85. Nh7 b5 86. Nxg5
b4 87. Nf7 1-0

[Event "Autunno Scacchistico Magistrale"]
[Site "Venezia ITA"]
[Date "2006.11.04"]
[Round "3"]
[White "Cereda, Loris"]
[Black "Del Monaco, Andrea"]
[Result "0-1"]
[WhiteElo "2056"]
[BlackElo "2248"]
[PlyCount "96"]
[EventDate "2006.11.03"]

1. e4 c5 2. Nc3 e6 3. f4 Nc6 4. Nf3 d5 5. Bb5 Nf6 6. e5 Nd7 7. d3 Nd4 8. Bxd7+
Bxd7 9. O-O Nxf3+ 10. Qxf3 g6 11. b3 Bc6 12. Bb2 h5 13. Rab1 h4 14. h3 Be7 15.
Qg4 Kd7 16. Qe2 a6 17. Nd1 b5 18. Nf2 a5 19. c4 Kc8 20. Rbc1 bxc4 21. bxc4 d4
22. Ba3 Qd7 23. Ne4 Bxe4 24. Qxe4 Kc7 25. Rb1 Rab8 26. Bb2 Qa4 27. a3 Rb3 28.
Qe2 Rhb8 29. Qc2 Rxa3 30. Qxa4 Rxa4 31. Ba1 Rxb1 32. Rxb1 Rb4 33. Rb2 Rxb2 34.
Bxb2 a4 35. Kf2 Kc6 36. Ke2 g5 37. Kf3 gxf4 38. Kxf4 Bd8 39. Kg4 f5+ 40. exf6
Bxf6 41. g3 hxg3 42. Kxg3 e5 43. Kf3 Kd6 44. Ke4 Bh4 45. Kf3 Be1 46. Ke2 Bb4
47. Kd1 a3 48. Ba1 Bc3 0-1

[Event "Autunno Scacchistico Magistrale"]
[Site "Venezia ITA"]
[Date "2006.11.04"]
[Round "3"]
[White "Di Lascio, Savino"]
[Black "Novelli, Cristiano"]
[Result "1-0"]
[WhiteElo "2030"]
[BlackElo "2117"]
[PlyCount "75"]
[EventDate "2006.11.03"]

1. Nf3 d6 2. g3 e5 3. d3 Nc6 4. Bg2 Be6 5. c3 Be7 6. Nbd2 Qd7 7. h4 h6 8. b4 a6
9. a4 f5 10. Bb2 Nf6 11. b5 Nd8 12. c4 O-O 13. Qc2 Ng4 14. Nh2 Nxh2 15. Rxh2
Rb8 16. f4 exf4 17. gxf4 Nf7 18. Bf3 Qd8 19. h5 Bh4+ 20. Kd1 Bf6 21. Rg2 Nh8
22. e3 d5 23. cxd5 Bxd5 24. Bxf6 Bxf3+ 25. Nxf3 Qxf6 26. Rc1 axb5 27. axb5 Rbc8
28. Ne5 Rfd8 29. Ke2 Qh4 30. Rcg1 Qf6 31. d4 c5 32. Rxg7+ Qxg7 33. Rxg7+ Kxg7
34. dxc5 Rd5 35. Qxf5 Rdxc5 36. Qg4+ Kh7 37. Nd7 Rc2+ 38. Kf3 1-0

[Event "Autunno Scacchistico Magistrale"]
[Site "Venezia ITA"]
[Date "2006.11.04"]
[Round "3"]
[White "Dvirnyy, Danyyil"]
[Black "Drasko, Milan"]
[Result "1/2-1/2"]
[WhiteElo "2323"]
[BlackElo "2547"]
[PlyCount "22"]
[EventDate "2006.11.03"]

1. e4 e6 2. d4 d5 3. Nc3 Bb4 4. e5 Ne7 5. a3 Bxc3+ 6. bxc3 c5 7. Qg4 O-O 8. Nf3
Nbc6 9. Bd3 f5 10. Qh4 b6 11. Rg1 a5 1/2-1/2

[Event "Autunno Scacchistico Magistrale"]
[Site "Venezia ITA"]
[Date "2006.11.04"]
[Round "3"]
[White "Efimov, Igor"]
[Black "Pomaro, Alberto"]
[Result "1-0"]
[WhiteElo "2412"]
[BlackElo "2057"]
[PlyCount "51"]
[EventDate "2006.11.03"]

1. d4 Nf6 2. c4 g6 3. Nc3 Bg7 4. e4 d6 5. f3 O-O 6. Bg5 c5 7. Nge2 Nc6 8. d5
Ne5 9. Ng3 a6 10. a4 Rb8 11. Be2 h6 12. Be3 e6 13. Qd2 exd5 14. cxd5 Kh7 15.
O-O Qc7 16. h3 c4 17. f4 Ned7 18. e5 dxe5 19. d6 Qd8 20. Bxc4 b6 21. Qe2 Ra8
22. Rad1 exf4 23. Rxf4 Nc5 24. Qf2 Rb8 25. Bd4 Ncd7 26. Rf1 1-0

[Event "Autunno Scacchistico Magistrale"]
[Site "Venezia ITA"]
[Date "2006.11.04"]
[Round "3"]
[White "Giuriati, Paolo"]
[Black "Dragojlovic, Andjelko"]
[Result "0-1"]
[WhiteElo "2209"]
[BlackElo "2383"]
[PlyCount "142"]
[EventDate "2006.11.03"]

1. d4 g6 2. Bf4 Bg7 3. e3 d6 4. Nf3 Nd7 5. Be2 e5 6. Bg3 Ne7 7. c3 Nf5 8. e4
Nxg3 9. hxg3 exd4 10. cxd4 O-O 11. Nc3 Nf6 12. Qc2 a6 13. O-O Re8 14. a4 c6 15.
Rfe1 Ng4 16. Rad1 Qb6 17. Bc4 Re7 18. Qd2 Bh6 19. Qc2 Bd7 20. Re2 Rae8 21. Rde1
Qa5 22. Nh2 b5 23. axb5 axb5 24. Bb3 Nxh2 25. Kxh2 b4 26. Nb1 Bg7 27. Qd3 Qb6
28. Rd1 Bc8 29. d5 c5 30. Nd2 Bg4 31. f3 Bd7 32. Nc4 Qb8 33. Rde1 Bb5 34. Qc2
Bxc4 35. Qxc4 Bd4 36. f4 Qc8 37. Bd1 f6 38. Qd3 Kg7 39. Rc2 h5 40. Bf3 Ra7 41.
Rd1 Qa6 42. Qxa6 Rxa6 43. b3 Ra3 44. Rb1 Rea8 45. Be2 Ra1 46. Rxa1 Rxa1 47. Rd2
Rb1 48. Bd1 Kh6 49. Kh3 Rc1 50. Rd3 g5 51. g4 gxf4 52. gxh5 Be5 53. Kg4 Ra1 54.
Bf3 Ra3 55. Be2 Ra2 56. Bf3 Ra3 57. Be2 c4 58. bxc4 b3 59. Bd1 b2 60. Bc2 Ra1
61. Rb3 Rc1 62. Bd3 Rd1 63. Bc2 Rd2 64. Bb1 Rxg2+ 65. Kh4 Rg1 66. Bc2 Rc1 67.
Bd3 f3 68. c5 Rxc5 69. Kg4 f2 70. Kf3 Rc3 71. Rxc3 f1=Q+ 0-1

[Event "Autunno Scacchistico Magistrale"]
[Site "Venezia ITA"]
[Date "2006.11.04"]
[Round "3"]
[White "Grandesso, Emanuele"]
[Black "Mileto, Gabriele"]
[Result "1/2-1/2"]
[WhiteElo "1967"]
[BlackElo "2189"]
[PlyCount "44"]
[EventDate "2006.11.03"]

1. c4 g6 2. Nc3 Bg7 3. g3 Nf6 4. Bg2 O-O 5. Nf3 d5 6. cxd5 Nxd5 7. O-O Nc6 8.
Nxd5 Qxd5 9. d3 Qb5 10. a3 Be6 11. Bf4 Rac8 12. Ng5 Bb3 13. Qd2 Rfd8 14. Ne4
Be6 15. Nc3 Qb3 16. Rfc1 Nd4 17. e3 Nf5 18. Qe2 c6 19. g4 Nd6 20. Bg3 Rd7 21.
Rab1 Rcd8 22. Bf1 h6 1/2-1/2

[Event "Autunno Scacchistico Magistrale"]
[Site "Venezia ITA"]
[Date "2006.11.04"]
[Round "3"]
[White "Massironi, Marco"]
[Black "Faccia, Sergio"]
[Result "1/2-1/2"]
[WhiteElo "2193"]
[BlackElo "2023"]
[PlyCount "111"]
[EventDate "2006.11.03"]

1. e4 e5 2. Nf3 f5 3. Nxe5 Qf6 4. d4 d6 5. Nc4 fxe4 6. Ne3 Nc6 7. c3 Qg6 8. f3
Nf6 9. fxe4 Qxe4 10. Qd3 Bf5 11. Qxe4+ Bxe4 12. Nd2 Bg6 13. Bc4 O-O-O 14. O-O
d5 15. Bb3 Bd6 16. Nf5 Bxf5 17. Rxf5 Ne7 18. Rf1 Rhf8 19. Nf3 Ne4 20. Re1 c6
21. Bc2 Nf6 22. Ng5 Rde8 23. Ne6 Ng6 24. Bg5 Rf7 25. Nxg7 Rxe1+ 26. Rxe1 Rxg7
27. Bxf6 Rg8 28. g3 Kc7 29. Bg5 b6 30. Rf1 Rg7 31. Kg2 a6 32. Bd3 a5 33. Re1 a4
34. Bh6 Rf7 35. Bxg6 hxg6 36. Re6 Re7 37. Rxe7+ Bxe7 38. Kf3 Kd7 39. Kg4 Ke6
40. Bg5 Bf8 41. Bd8 b5 42. Kg5 Kf7 43. Bf6 Bd6 44. Be5 Be7+ 45. Kh6 Bf8+ 46.
Kh7 Be7 47. h4 Bd8 48. Kh6 Be7 49. h5 Bf8+ 50. Kg5 Be7+ 51. Kg4 Bf8 52. Bf4 Kg7
53. Bg5 Bd6 54. Kh4 gxh5 55. Kxh5 Bxg3 56. Kg4 1/2-1/2

[Event "Autunno Scacchistico Magistrale"]
[Site "Venezia ITA"]
[Date "2006.11.04"]
[Round "3"]
[White "Molina, Fabrizio"]
[Black "Zanin, Dario"]
[Result "1-0"]
[WhiteElo "2276"]
[BlackElo "2059"]
[PlyCount "65"]
[EventDate "2006.11.03"]

1. c4 Nf6 2. g3 g6 3. Bg2 Bg7 4. Nc3 O-O 5. e4 d6 6. Nge2 e5 7. O-O Be6 8. b3
Qd7 9. d4 c6 10. f3 Na6 11. d5 cxd5 12. cxd5 Bh3 13. Be3 Bxg2 14. Kxg2 Ne8 15.
Qd2 Nec7 16. Rfc1 f5 17. a3 fxe4 18. Nxe4 Qf7 19. N2c3 Qxf3+ 20. Kg1 Rfd8 21.
b4 b6 22. Rf1 Qg4 23. Qd3 Qd7 24. Rf6 Ne8 25. Rf2 Nec7 26. Bg5 Rf8 27. Bf6 Rac8
28. Raf1 Nb8 29. Qe3 Nb5 30. Bxg7 Kxg7 31. Rxf8 Rxf8 32. Rxf8 Kxf8 33. Qf3+ 1-0

[Event "Autunno Scacchistico Magistrale"]
[Site "Venezia ITA"]
[Date "2006.11.04"]
[Round "3"]
[White "Omeri, Silvan"]
[Black "Quaranta, Cristiano"]
[Result "1-0"]
[WhiteElo "2103"]
[BlackElo "2086"]
[PlyCount "119"]
[EventDate "2006.11.03"]

1. e4 c5 2. Nf3 d6 3. d4 cxd4 4. Nxd4 Nf6 5. Nc3 a6 6. Bc4 e6 7. Bb3 b5 8. f3
Be7 9. Be3 Qc7 10. Qd2 Nc6 11. g4 Bb7 12. O-O-O O-O 13. h4 Na5 14. Kb1 Nc4 15.
Qe2 Nxe3 16. Qxe3 Rfe8 17. h5 b4 18. Na4 Nd7 19. g5 Nc5 20. g6 Nxb3 21. gxf7+
Kxf7 22. Qxb3 Bf6 23. Nf5 Red8 24. h6 g6 25. Ng7 d5 26. Nxe6 Kxe6 27. exd5+
Bxd5 28. Rhe1+ Be5 29. Rxd5 Rxd5 30. f4 Kd6 31. Qxb4+ Ke6 32. c4 Rd4 33. Nc5+
Kf7 34. fxe5 a5 35. Qa3 Re8 36. Rf1+ Kg8 37. Ne6 Rd1+ 38. Rxd1 Rxe6 39. Qf3
Qxe5 40. Rd8+ Re8 41. Qd5+ Qxd5 42. Rxd5 Rc8 43. b3 a4 44. Kc2 Rc7 45. Kc3 Kf7
46. b4 Kf6 47. b5 g5 48. b6 Rb7 49. c5 g4 50. Kb4 g3 51. Rd3 Kg5 52. Rxg3+ Kxh6
53. Kxa4 Kh5 54. Kb5 Kh4 55. Rg1 h5 56. c6 Rf7 57. b7 Re7 58. Rh1+ Kg4 59. c7
Re5+ 60. Kc6 1-0

[Event "Autunno Scacchistico Magistrale"]
[Site "Venezia ITA"]
[Date "2006.11.04"]
[Round "3"]
[White "Pfeifer, Andreas"]
[Black "Lavric, Mihail"]
[Result "1-0"]
[WhiteElo "2130"]
[BlackElo "2012"]
[PlyCount "103"]
[EventDate "2006.11.03"]

1. e4 c5 2. Nf3 Nc6 3. d4 cxd4 4. Nxd4 e5 5. Nb5 a6 6. Nd6+ Bxd6 7. Qxd6 Qf6 8.
Qxf6 Nxf6 9. Nc3 Nb4 10. Bd3 Nxd3+ 11. cxd3 d6 12. Bg5 Be6 13. Bxf6 gxf6 14. f4
O-O 15. f5 Bd7 16. Nd5 Kg7 17. Nb6 Rad8 18. Nd5 Bc6 19. Nb4 Bb5 20. a4 Bd7 21.
Kd2 Rc8 22. Rhc1 Rxc1 23. Kxc1 Rc8+ 24. Kd2 a5 25. Nd5 Rc5 26. g4 Bc6 27. b4
axb4 28. Nxb4 Be8 29. a5 Bb5 30. Rc1 Rxc1 31. Kxc1 h5 32. gxh5 Kh6 33. Kd2 Kxh5
34. Nd5 Kg5 35. Ke3 Bc6 36. Ne7 Bd7 37. Nd5 Bc6 38. Nc3 Kh4 39. Kf2 Kg4 40. Kg2
Kf4 41. Ne2+ Ke3 42. Ng3 Kxd3 43. h4 d5 44. exd5 Bxd5+ 45. Kf2 e4 46. h5 Kd2
47. h6 e3+ 48. Kg1 e2 49. Nxe2 Kxe2 50. h7 Be4 51. h8=Q Bxf5 52. Qh5+ 1-0

[Event "Autunno Scacchistico Magistrale"]
[Site "Venezia ITA"]
[Date "2006.11.04"]
[Round "3"]
[White "Redo, Giorgio"]
[Black "Laketic, Gojko"]
[Result "0-1"]
[WhiteElo "2048"]
[BlackElo "2441"]
[PlyCount "58"]
[EventDate "2006.11.03"]

1. f4 Nf6 2. Nf3 d5 3. e3 g6 4. b3 Bg7 5. Bb2 O-O 6. Be2 c5 7. O-O Nc6 8. Bb5
Bd7 9. d3 d4 10. Bxc6 Bxc6 11. e4 Ng4 12. Qe2 Ne3 13. Re1 f5 14. Ng5 Qd7 15. e5
Nxg2 16. Qxg2 Bxg2 17. Kxg2 Qd5+ 18. Kg3 h6 19. Nh3 g5 20. Bc1 g4 21. Ng1 b5
22. Nd2 Rfc8 23. a4 a6 24. axb5 axb5 25. Ba3 Ra6 26. Ne2 Rca8 27. Bb2 Rxa1 28.
Bxa1 Ra2 29. b4 Rxc2 0-1

[Event "Autunno Scacchistico Magistrale"]
[Site "Venezia ITA"]
[Date "2006.11.04"]
[Round "3"]
[White "Velluti, Alberto"]
[Black "Zoldan, Matteo"]
[Result "1/2-1/2"]
[WhiteElo "2007"]
[BlackElo "2103"]
[PlyCount "40"]
[EventDate "2006.11.03"]

1. e4 c5 2. Nf3 d6 3. d4 cxd4 4. Nxd4 Nf6 5. Nc3 e6 6. Bg5 Be7 7. Be2 a6 8. O-O
O-O 9. Qd2 b5 10. a3 Bb7 11. Bf3 Qb6 12. Rfe1 Nbd7 13. Qe3 Rac8 14. Rad1 Rfd8
15. Be2 b4 16. axb4 Qxb4 17. Nb3 Nc5 18. Nxc5 Qxc5 19. Qxc5 Rxc5 20. Be3 Rcc8
1/2-1/2

[Event "Autunno Scacchistico Magistrale"]
[Site "Venezia ITA"]
[Date "2006.11.04"]
[Round "3"]
[White "You Zi Chih, Stefano"]
[Black "Pastres, Roberto"]
[Result "0-1"]
[WhiteElo "1998"]
[BlackElo "2104"]
[PlyCount "60"]
[EventDate "2006.11.03"]

1. e4 c5 2. Nf3 e6 3. d4 cxd4 4. Nxd4 Qb6 5. Nb3 Qc7 6. Nc3 a6 7. Bd3 b5 8. O-O
Bb7 9. a4 b4 10. Na2 Nf6 11. Qe2 d5 12. e5 Ne4 13. f3 Nc5 14. Nxc5 Bxc5+ 15.
Kh1 Nd7 16. f4 g6 17. Bd2 a5 18. c3 bxc3 19. Nxc3 O-O 20. Nb5 Qb6 21. Rfb1 f6
22. b4 axb4 23. Bxb4 Bxb4 24. Rxb4 fxe5 25. fxe5 Qc5 26. Rh4 Qf2 27. Qg4 d4 28.
Qxe6+ Rf7 29. Qxf7+ Qxf7 30. Nd6 Qf2 0-1

[Event "Autunno Scacchistico Magistrale"]
[Site "Venezia ITA"]
[Date "2006.11.05"]
[Round "4"]
[White "Bonafede, Alessandro"]
[Black "Dvirnyy, Danyyil"]
[Result "1/2-1/2"]
[WhiteElo "2205"]
[BlackElo "2323"]
[PlyCount "27"]
[EventDate "2006.11.03"]

1. c4 Nf6 2. d4 e6 3. Nc3 d5 4. Bg5 Nbd7 5. e3 Be7 6. Nf3 O-O 7. Bd3 dxc4 8.
Bxc4 c6 9. O-O Nd5 10. Bxe7 Qxe7 11. Rc1 Nxc3 12. Rxc3 e5 13. dxe5 Nxe5 14.
Nxe5 1/2-1/2

[Event "Autunno Scacchistico Magistrale"]
[Site "Venezia ITA"]
[Date "2006.11.05"]
[Round "4"]
[White "Coratella, Giuseppe"]
[Black "Pfeifer, Andreas"]
[Result "1-0"]
[WhiteElo "2224"]
[BlackElo "2130"]
[PlyCount "59"]
[EventDate "2006.11.03"]

1. e4 e6 2. d4 d5 3. Nc3 Bb4 4. e5 c5 5. a3 Bxc3+ 6. bxc3 Ne7 7. Qg4 O-O 8. Bd3
Nbc6 9. Nf3 Ng6 10. h4 c4 11. Bxg6 fxg6 12. h5 Qe8 13. h6 Rxf3 14. Qxf3 Qf7 15.
Qxf7+ Kxf7 16. Rh3 Bd7 17. Rf3+ Kg8 18. hxg7 Kxg7 19. g4 h6 20. Ke2 Nd8 21. Be3
Nf7 22. Rh1 Rh8 23. Rf6 Nd8 24. Rh3 Ba4 25. Kd2 Be8 26. Rxh6 Rxh6 27. Bxh6+
Kxh6 28. Rf8 Bc6 29. Rxd8 Kg5 30. f3 1-0

[Event "Autunno Scacchistico Magistrale"]
[Site "Venezia ITA"]
[Date "2006.11.05"]
[Round "4"]
[White "Del Monaco, Andrea"]
[Black "Giuriati, Paolo"]
[Result "1-0"]
[WhiteElo "2248"]
[BlackElo "2209"]
[PlyCount "75"]
[EventDate "2006.11.03"]

1. e4 e6 2. d4 d5 3. e5 c5 4. Nf3 Nc6 5. Bd3 Bd7 6. O-O Rc8 7. dxc5 Bxc5 8. a3
Nge7 9. Bf4 Ng6 10. Bg3 Be7 11. Re1 Qb6 12. b4 Nd4 13. Nxd4 Qxd4 14. Nd2 O-O
15. h4 f5 16. exf6 Qxf6 17. Qh5 Be8 18. Nf3 h6 19. Qg4 Rc6 20. h5 Nf4 21. Bh4
Bxh5 22. Bxf6 Bxg4 23. Bxe7 Rf7 24. Ne5 Rxe7 25. Nxg4 Rc3 26. Ne5 Nxd3 27. cxd3
Rec7 28. g3 Kf8 29. Kg2 Ke7 30. a4 Rc2 31. b5 Kf6 32. Nf3 R2c3 33. Re3 Re7 34.
Ne5 Rec7 35. Rae1 Re7 36. Rf3+ Kg5 37. Rf8 h5 38. f4+ 1-0

[Event "Autunno Scacchistico Magistrale"]
[Site "Venezia ITA"]
[Date "2006.11.05"]
[Round "4"]
[White "Dragojlovic, Andjelko"]
[Black "Blagojevic, Dragisa"]
[Result "1/2-1/2"]
[WhiteElo "2383"]
[BlackElo "2534"]
[PlyCount "44"]
[EventDate "2006.11.03"]

1. e4 e5 2. Nc3 Nf6 3. g3 Nc6 4. Bg2 Bc5 5. d3 a6 6. Nge2 d6 7. h3 O-O 8. O-O
Kh8 9. Kh2 Ng8 10. Be3 Bxe3 11. fxe3 Nce7 12. d4 Be6 13. Qd2 c6 14. Ng1 Qc7 15.
Nf3 f6 16. Nh4 Rad8 17. d5 cxd5 18. exd5 Bd7 19. e4 g6 20. g4 Rf7 21. Nd1 Rdf8
22. Ne3 Nh6 1/2-1/2

[Event "Autunno Scacchistico Magistrale"]
[Site "Venezia ITA"]
[Date "2006.11.05"]
[Round "4"]
[White "Drasko, Milan"]
[Black "Efimov, Igor"]
[Result "1-0"]
[WhiteElo "2547"]
[BlackElo "2412"]
[PlyCount "71"]
[EventDate "2006.11.03"]

1. Nf3 c5 2. c4 Nc6 3. g3 e5 4. Nc3 d6 5. d3 g6 6. Bg5 Be7 7. Bd2 Nf6 8. Bg2
O-O 9. O-O Ne8 10. a3 Nc7 11. Rb1 a5 12. Ne1 f5 13. Nc2 Kh8 14. f4 g5 15. e3
Qe8 16. b4 axb4 17. axb4 cxb4 18. Nxb4 gxf4 19. exf4 Ne6 20. Nbd5 Bd8 21. Nb5
Qd7 22. Re1 Ra6 23. Bc3 Ba5 24. Qd2 Bxc3 25. Qxc3 Ned4 26. Nxd4 exd4 27. Qb2
Qg7 28. Re2 h5 29. Rbe1 Bd7 30. Nb6 h4 31. gxh4 Rf7 32. Kh1 Qf6 33. Bd5 Rg7 34.
Nxd7 Rxd7 35. Re8+ Kh7 36. Bg8+ 1-0

[Event "Autunno Scacchistico Magistrale"]
[Site "Venezia ITA"]
[Date "2006.11.05"]
[Round "4"]
[White "Faccia, Sergio"]
[Black "Rorato, Renzo"]
[Result "1-0"]
[WhiteElo "2023"]
[BlackElo "2100"]
[PlyCount "51"]
[EventDate "2006.11.03"]

1. e4 c5 2. b4 cxb4 3. Bb2 Nc6 4. d4 d5 5. exd5 Qxd5 6. c4 bxc3 7. Nxc3 Qa5 8.
d5 Ne5 9. Qd4 Ng6 10. Bb5+ Bd7 11. Bxd7+ Kxd7 12. Nf3 Qa6 13. a4 Rc8 14. Nb5
Qb6 15. Qg4+ Kd8 16. O-O Nf6 17. Qf5 e6 18. dxe6 fxe6 19. Rad1+ Ke8 20. Rfe1
Rc6 21. Ng5 Bc5 22. Nxe6 Bxf2+ 23. Qxf2 Qxf2+ 24. Kxf2 Rc2+ 25. Kg1 Nh4 26.
Ng5+ 1-0

[Event "Autunno Scacchistico Magistrale"]
[Site "Venezia ITA"]
[Date "2006.11.05"]
[Round "4"]
[White "Gallo, Enrico"]
[Black "Velluti, Alberto"]
[Result "1-0"]
[WhiteElo "2061"]
[BlackElo "2007"]
[PlyCount "77"]
[EventDate "2006.11.03"]

1. e4 d5 2. exd5 Qxd5 3. Nc3 Qa5 4. Qf3 Nf6 5. Bc4 Nc6 6. Nge2 Ne5 7. Bb5+ c6
8. Qg3 Ng6 9. Bd3 Bf5 10. Bxf5 Qxf5 11. O-O e5 12. d4 Bd6 13. dxe5 Bxe5 14. f4
Bc7 15. Nd4 Qd7 16. Re1+ Kf8 17. Nce2 Kg8 18. Qf3 Nh4 19. Qf2 Nf5 20. Nxf5 Qxf5
21. Ng3 Qd7 22. h3 Bb6 23. Be3 Bxe3 24. Rxe3 h5 25. Rd3 Qc7 26. Re1 Kh7 27. Qf3
g6 28. f5 Kg7 29. fxg6 fxg6 30. Re6 Nd5 31. Rxd5 cxd5 32. Qf6+ Kg8 33. Qxg6+
Qg7 34. Qd3 Kf8 35. Qa3+ Kg8 36. Qd6 Qd4+ 37. Kh2 Rh7 38. Rg6+ Kh8 39. c3 1-0

[Event "Autunno Scacchistico Magistrale"]
[Site "Venezia ITA"]
[Date "2006.11.05"]
[Round "4"]
[White "Grandesso, Emanuele"]
[Black "Cristiani, Cesare"]
[Result "0-1"]
[WhiteElo "1967"]
[BlackElo "2163"]
[PlyCount "90"]
[EventDate "2006.11.03"]

1. c4 c5 2. Nf3 Nc6 3. Nc3 e5 4. g3 g6 5. Bg2 Bg7 6. d3 Nge7 7. O-O O-O 8. Rb1
d6 9. a3 h6 10. b4 Rb8 11. b5 Na5 12. e4 Be6 13. Be3 Qd7 14. Qd2 Kh7 15. Nd5
Bxd5 16. exd5 b6 17. Ne1 f5 18. f4 e4 19. Qc2 exd3 20. Qxd3 Rbe8 21. Nf3 Ng8
22. Rbe1 Nb7 23. Bf2 Nf6 24. Nh4 Ng4 25. Bf3 Nxf2 26. Kxf2 Bd4+ 27. Kg2 Bf6 28.
Nxg6 Kxg6 29. Re6 Nd8 30. Bh5+ Kg7 31. Rxe8 Rxe8 32. Bxe8 Qxe8 33. Qxf5 Qe2+
34. Rf2 Qxc4 35. g4 Bh4 36. Rc2 Qd4 37. Re2 Qf6 38. Qd7+ Nf7 39. f5 Qd4 40. Qe6
Qxg4+ 41. Kh1 Qf3+ 42. Kg1 Ne5 43. Rg2+ Bg5 44. Qe7+ Nf7 45. h4 Qxg2+ 0-1

[Event "Autunno Scacchistico Magistrale"]
[Site "Venezia ITA"]
[Date "2006.11.05"]
[Round "4"]
[White "Guclu, Yaman"]
[Black "Omeri, Silvan"]
[Result "1-0"]
[WhiteElo "2026"]
[BlackElo "2103"]
[PlyCount "91"]
[EventDate "2006.11.03"]

1. d4 d5 2. c4 c6 3. Nc3 Nf6 4. Nf3 Bg4 5. Ne5 Bh5 6. Qb3 Qb6 7. Bf4 e6 8. c5
Qxb3 9. axb3 Nbd7 10. e3 Nxe5 11. Bxe5 Nd7 12. Bg3 e5 13. b4 f6 14. Bd3 Be7 15.
O-O Bg6 16. Bxg6+ hxg6 17. b5 Kf7 18. bxc6 bxc6 19. Ra6 Rhc8 20. Rfa1 Rc7 21.
b4 Rb8 22. Rxa7 Rxa7 23. Rxa7 Rxb4 24. Rxd7 Rb3 25. Kf1 Rxc3 26. Rc7 Rc4 27.
Ke2 Ke8 28. Kd3 Kd8 29. Rxc6 Kd7 30. Ra6 g5 31. dxe5 Rxc5 32. e6+ Ke8 33. Ra8+
Bd8 34. Kd4 Ra5 35. Rxa5 Bxa5 36. Kxd5 Bc3 37. h3 g6 38. f3 Bd2 39. e4 Be3 40.
Bd6 Bd2 41. e7 Kd7 42. e8=Q+ Kxe8 43. Ke6 Bc3 44. Be7 Be5 45. Bxf6 Bf4 46. Bg7
1-0

[Event "Autunno Scacchistico Magistrale"]
[Site "Venezia ITA"]
[Date "2006.11.05"]
[Round "4"]
[White "Laketic, Gojko"]
[Black "Pechy, Alaster"]
[Result "1-0"]
[WhiteElo "2441"]
[BlackElo "2176"]
[PlyCount "127"]
[EventDate "2006.11.03"]

1. c4 Nf6 2. Nf3 g6 3. Nc3 Bg7 4. e4 d6 5. d4 O-O 6. Be2 Nc6 7. d5 Nb4 8. Rb1
a5 9. O-O Na6 10. Be3 b6 11. Nd4 Bd7 12. f4 Ne8 13. f5 Nc5 14. Qd2 Nf6 15. Bf3
e5 16. dxe6 fxe6 17. fxe6 Nxe6 18. Nxe6 Bxe6 19. e5 dxe5 20. Bxa8 Qxa8 21. b3
Rd8 22. Qe2 Bg4 23. Qc2 Bf5 24. Rxf5 gxf5 25. Qxf5 Qc8 26. Qxc8 Rxc8 27. Bg5
Kf7 28. Rd1 Ke6 29. Kf2 h6 30. Bxf6 Bxf6 31. Ne4 Rd8 32. Rxd8 Bxd8 33. Kf3 Be7
34. Nc3 c6 35. Ke4 Bb4 36. Ne2 b5 37. Nc1 a4 38. Nd3 axb3 39. axb3 Bc3 40. c5
h5 41. g3 Bd4 42. h3 Kf6 43. g4 hxg4 44. hxg4 Kg5 45. Nxe5 Bxc5 46. Kf3 Bd4 47.
Nxc6 Bc3 48. Ne7 b4 49. Nd5 Bd2 50. Ne3 Bc1 51. Nd1 Bd2 52. Nf2 Bc1 53. Ne4+
Kh4 54. Nd6 Bd2 55. Nc4 Bc1 56. Ne5 Bd2 57. Ke4 Bc3 58. Kf5 Bb2 59. g5 Kh5 60.
Nd3 Bc3 61. Nf4+ Kh4 62. g6 Kg3 63. Nd5 Kf3 64. Nf6 1-0

[Event "Autunno Scacchistico Magistrale"]
[Site "Venezia ITA"]
[Date "2006.11.05"]
[Round "4"]
[White "Mileto, Gabriele"]
[Black "Allegranti, Luca"]
[Result "1/2-1/2"]
[WhiteElo "2189"]
[BlackElo "2023"]
[PlyCount "60"]
[EventDate "2006.11.03"]

1. Nf3 e6 2. c4 b6 3. g3 Bb7 4. Bg2 Nf6 5. O-O Be7 6. d4 O-O 7. Re1 c5 8. d5
exd5 9. Nh4 Qc7 10. Nf5 d6 11. cxd5 Re8 12. Nc3 a6 13. a4 Bf8 14. e4 g6 15. Ne3
Nbd7 16. f4 Rab8 17. Nc4 Ba8 18. e5 b5 19. axb5 axb5 20. Nxd6 Bxd6 21. exd6
Rxe1+ 22. Qxe1 Qxd6 23. Nxb5 Qb6 24. Qa5 Qxa5 25. Rxa5 Bxd5 26. Nc3 Bxg2 27.
Kxg2 h5 28. Kf3 Rb3 29. Ra3 Rb4 30. Ra4 Rb3 1/2-1/2

[Event "Autunno Scacchistico Magistrale"]
[Site "Venezia ITA"]
[Date "2006.11.05"]
[Round "4"]
[White "Pomaro, Alberto"]
[Black "Di Lascio, Savino"]
[Result "1-0"]
[WhiteElo "2057"]
[BlackElo "2030"]
[PlyCount "77"]
[EventDate "2006.11.03"]

1. d4 Nf6 2. c4 e6 3. Nf3 b6 4. g3 Ba6 5. b3 Bb4+ 6. Bd2 Qe7 7. Bg2 d5 8. O-O
Ne4 9. Bxb4 Qxb4 10. Nfd2 Nf6 11. a3 Qd6 12. e4 dxe4 13. Nxe4 Nxe4 14. Bxe4 c6
15. Nc3 Nd7 16. Nb5 Bxb5 17. cxb5 O-O 18. bxc6 Nf6 19. Bg2 Nd5 20. Bxd5 Qxd5
21. Rc1 Rac8 22. Qc2 Rc7 23. Qc4 Qd6 24. b4 Rfc8 25. b5 Qxa3 26. Ra1 Qd6 27.
Ra6 Kf8 28. Rfa1 Qe7 29. Qa4 Qd6 30. Qa3 Ke7 31. Rxa7 Qxa3 32. R1xa3 Kd6 33.
Rxc7 Rxc7 34. Ra6 Kd5 35. Rxb6 Kxd4 36. Rb7 Rc8 37. c7 Ke4 38. b6 Ra8 39. Rb8
1-0

[Event "Autunno Scacchistico Magistrale"]
[Site "Venezia ITA"]
[Date "2006.11.05"]
[Round "4"]
[White "Quaranta, Cristiano"]
[Black "Novelli, Cristiano"]
[Result "0-1"]
[WhiteElo "2086"]
[BlackElo "2117"]
[PlyCount "44"]
[EventDate "2006.11.03"]

1. d4 d5 2. c4 e5 3. dxe5 d4 4. Nf3 Nc6 5. a3 a5 6. g3 Bg4 7. Bg2 Qd7 8. Qd3
Rd8 9. O-O h5 10. Bg5 Be7 11. Bxe7 Ngxe7 12. h4 Ng6 13. Nbd2 O-O 14. b3 Rfe8
15. Rfe1 Ncxe5 16. Nxe5 Nxe5 17. Qb1 d3 18. exd3 Nxd3 19. Rxe8+ Rxe8 20. Be4
Nxf2 21. Bh7+ Kh8 22. Ne4 Nxe4 0-1

[Event "Autunno Scacchistico Magistrale"]
[Site "Venezia ITA"]
[Date "2006.11.05"]
[Round "4"]
[White "Rossato, Armando"]
[Black "You Zi Chih, Stefano"]
[Result "0-1"]
[WhiteElo "2093"]
[BlackElo "1998"]
[PlyCount "66"]
[EventDate "2006.11.03"]

1. e4 e5 2. Nf3 Nc6 3. Bb5 a6 4. Bxc6 dxc6 5. O-O f6 6. d4 exd4 7. e5 fxe5 8.
Nxe5 Nf6 9. Bg5 Be7 10. Bxf6 Bxf6 11. c3 O-O 12. cxd4 Be6 13. Nc3 Kh8 14. Re1
Bd5 15. Qh5 Kg8 16. Rad1 g6 17. Qh3 Bg7 18. g3 Rf5 19. f4 Qf8 20. a3 Rd8 21.
Qg4 c5 22. Qe2 cxd4 23. Nxd5 Rxd5 24. Qc4 Qc5 25. Qxc5 Rxc5 26. g4 Rxf4 27. Nd3
Rxg4+ 28. Kh1 Rc2 29. Re8+ Kf7 30. Rde1 Bf6 31. Rc8 Kg7 32. Nb4 Rxb2 33. Rxc7+
Kh6 0-1